Republic of Belarus : Staff Report for the 2016 Article IV Consultation-Press Release; Staff Report; and Statement by the Executive Director for the Republic of Belarus.

This 2016 Article IV Consultation highlights that the economy of Belarus contracted by 3.9 percent in 2015, with a similar performance in the first half of 2016. The exchange rate depreciated sharply during 2015 and part of 2016. Real wages are down substantially relative to 2014, and corporate loss...

Celý popis

Podrobná bibliografie
Korporativní autor: International Monetary Fund. European Dept
Médium: Časopis
Jazyk:English
Vydáno: Washington, D.C. : International Monetary Fund, 2016.
Edice:IMF Staff Country Reports; Country Report ; No. 2016/298
On-line přístup:Full text available on IMF
LEADER 01890cas a2200241 a 4500
001 AALejournalIMF017124
008 230101c9999 xx r poo 0 0eng d
020 |c 5.00 USD 
020 |z 9781475537185 
022 |a 1934-7685 
040 |a BD-DhAAL  |c BD-DhAAL 
110 2 |a International Monetary Fund.  |b European Dept. 
245 1 0 |a Republic of Belarus :   |b Staff Report for the 2016 Article IV Consultation-Press Release; Staff Report; and Statement by the Executive Director for the Republic of Belarus. 
264 1 |a Washington, D.C. :  |b International Monetary Fund,  |c 2016. 
300 |a 1 online resource (73 pages) 
490 1 |a IMF Staff Country Reports 
500 |a <strong>Off-Campus Access:</strong> No User ID or Password Required 
500 |a <strong>On-Campus Access:</strong> No User ID or Password Required 
506 |a Electronic access restricted to authorized BRAC University faculty, staff and students 
520 3 |a This 2016 Article IV Consultation highlights that the economy of Belarus contracted by 3.9 percent in 2015, with a similar performance in the first half of 2016. The exchange rate depreciated sharply during 2015 and part of 2016. Real wages are down substantially relative to 2014, and corporate losses are up. Unemployment has risen somewhat, though it remains relatively low. The economy is expected to contract further in 2016 and in 2017, reflecting still-weak balance sheets and structural impediments. A subdued recovery is expected in 2018, but over the medium term, potential growth is expected to increase only to about 1.75 percent, limited by negative demographic developments and low productivity growth. 
538 |a Mode of access: Internet 
830 0 |a IMF Staff Country Reports; Country Report ;  |v No. 2016/298 
856 4 0 |z Full text available on IMF  |u http://elibrary.imf.org/view/journals/002/2016/298/002.2016.issue-298-en.xml  |z IMF e-Library